000 00602nam a22001937i 4500
999 _c23587
_d23587
003 AR-CdUCM
008 260401b20242024 pe|a||| |||| 00| 0 spa d
020 _a978-61248232-4-4
040 _aMUNICIPALIDAD PROVINCIAL DEL CUSCO
_cBIBLIOTECA MUNICIPAL DEL CUSCO
041 _hspa
082 _22°edición
_aPI / 863
_bM81
100 _aMolinero, Vanetty (Copyright)
_952503
245 _a¿Eres un pato?
260 _aChacra rio Lima-Perú
_bNara Learning E.I.R.L.
_c2024
300 _a24 páginas. :
_c21x15 cm.
856 _fwww.naralearning.com
942 _2ddc
_cLIBROS
945 _apbjr
_d01-04-2026